000 00972nam a22002177a 4500
003 OSt
005 20260310083506.0
008 260310b |||||||| |||| 00| 0 eng d
020 _a0448095262
040 _aDWCL GS lib
_cOC
082 _aFic. K26c 1995
100 _aKeene Carolyn
245 _aThe Clue Of The Leaning Chimney
_cCarolyn Keene
260 _aNew York
_bCarolyn Keene
_c1967
300 _aExtent- vii, 176 pages:
_billustration ;
_c20cm
520 _a Nancy Drew investigates the theft of valuable Chinese vases and the kidnapping of a pottery expert, Eng Moy.
650 _aThe narrative follows Nancy as she attempts to solve the theft of a rare Chinese vase, with the titular "leaning chimney" serving as a critical landmark in her investigation.
650 _aoutward appearances can hide deep-seated corruption, and that diligence in investigating small, overlooked details can reveal the truth.
700 _aCarolyn Keene
942 _2ddc
_cFIC.
_n0
999 _c8887
_d8887